Asian Teams With No World Cup Appearances - Statistics

General Stats
  • This quiz has been taken 417 times
    76 since last reset
  • The average score is 27 of 32
Answer Stats
No. of attempts Country % Correct
9 India
95%
9 Oman
95%
7 Turkmenistan
94%
9 Vietnam
94%
10 Yemen
94%
12 Singapore
92%
13 Thailand
92%
5 Laos
91%
8 Nepal
91%
9 Pakistan
91%
11 Bahrain
89%
10 Bangladesh
89%
6 Cambodia
89%
15 Syria
89%
7 Tajikistan
89%
2 Bhutan
88%
13 Malaysia
88%
4 Myanmar
88%
8 Sri Lanka
88%
12 Taiwan
88%
4 East Timor
86%
5 Afghanistan
85%
7 Kyrgyzstan
85%
8 Lebanon
85%
6 Mongolia
85%
4 Brunei
83%
7 Maldives
83%
5 Philippines
83%
6 Palestine
66%
13 Hong Kong
63%
10 Macau
51%
3 Guam
42%
No matching quizzes found
Score Distribution
Percent of People with Each Score
Percentile by Number Answered
Your Score History
You have not taken this quiz since the last reset